00335cam a22001097a 4500008004000000020001800040100002100058245006800079260003100147300001000178650003700188180718b2001 xxu||||| |||| 00| 0 eng d a81 7844 014 8 aMalhotra, Shanta aSwami dayanand saraswati ke rajnitik vicharcby Shanta Malhotra aDelhibK.K.Publisherc2001 a256p. aSwami dayanand-political thought